| 000 | 01024nam a2200325 i 4500 | ||
|---|---|---|---|
| 001 | 200462535 | ||
| 003 | TR-AnTOB | ||
| 005 | 20240925073651.0 | ||
| 007 | ta | ||
| 008 | 240924s2018 tu 000 1 tur d | ||
| 020 | _a9786056827662 | ||
| 040 |
_aTR-AnTOB _beng _erda _cTR-AnTOB |
||
| 041 | 1 |
_atur _brus |
|
| 050 | 1 | 4 |
_aPG3367.T8 _bS64719 2018 |
| 090 |
_aPG3367.T8 _bS64719 2018 |
||
| 100 | 1 |
_aTolstoy, Leo, _9116946 _cgraf, _d1828-1910 _eauthor |
|
| 245 | 1 |
_aİvan İlyiç'in ölümü / _cLev Tolstoy, çeviren ; İpek Söylemez. |
|
| 250 | _a1. Basım. | ||
| 264 | 1 |
_aİstanbul : _bKarbon kitaplar, _c2018. |
|
| 300 |
_a79 pages ; _c19 cm |
||
| 336 |
_atext _btxt _2rdacontent |
||
| 337 |
_aunmediated _bn _2rdamedia |
||
| 338 |
_avolume _bnc _2rdacarrier |
||
| 500 | _aEserin özgün adı : СмертЬ Ивана Ильича | ||
| 650 | 7 |
_aRus edebiyatı _928109 _2etuturkob |
|
| 650 | 0 |
_aRus romanı _916149 |
|
| 700 | 1 |
_aSöylemez, İpek _9147094 _etranslator |
|
| 942 |
_2lcc _cBK |
||
| 999 |
_c200462535 _d80747 |
||